[Event "Horgen"]
[Site "?"]
[Date "1995.??.??"]
[Round "?"]
[White "Lautier, Joel"]
[Black "Kasparov, Gary"]
[Result "1/2-1/2"]
[WhiteElo "2655"]
[BlackElo "2805"]
[PlyCount "25"]
[EventDate "1995.??.??"]
[Source "www.chesslib.no"]
[SourceDate "2004.05.04"]

1. d4 Nf6 2. c4 g6 3. Nc3 Bg7 4. e4 d6 5. f3 O-O 6. Bg5 c5 7. d5 a6 8. a4 h6 9. Be3 e6 10. Qd2 exd5 11. cxd5 Re8 12. Nge2 Nbd7 13. Nd1 1/2-1/2

[Event "Horgen"]
[Site "?"]
[Date "1995.??.??"]
[Round "?"]
[White "Lautier, J."]
[Black "Kasparov, G."]
[Result "1/2-1/2"]
[WhiteElo "2645"]
[BlackElo "2795"]
[PlyCount "53"]
[EventDate "1995.??.??"]
[Source "www.chesslib.no"]
[SourceDate "2004.05.04"]

1. e4 d6 2. d4 Nf6 3. f3 c5 4. d5 g6 5. c4 Bg7 6. Nc3 O-O 7. Bg5 e6 8. Qd2 exd5 9. cxd5 h6 10. Be3 a6 11. a4 Re8 12. Nge2 Nbd7 13. Nd1 Ne5 14. Nec3 Bd7 15. Be2 Kh7 16. O-O Rb8 17. a5 b5 18. axb6 Rxb6 19. Nf2 a5 20. Ra2 Rb4 21. Rfa1 Qb6 22. Rxa5 Rxb2 23. Qc1 Rb8 24. Bd2 Qb3 25. R5a3 Qc2 26. Qxc2 Rxc2 27. R3a2 1/2-1/2

[Event "WCup"]
[Site "Skelleftea WCup"]
[Date "1989.??.??"]
[Round "?"]
[White "Seirawan, Yasser"]
[Black "Kasparov, Gary"]
[Result "1/2-1/2"]
[WhiteElo "2610"]
[BlackElo "2775"]
[PlyCount "72"]
[EventDate "1989.??.??"]
[Source "www.chesslib.no"]
[SourceDate "2004.05.04"]

1. d4 Nf6 2. c4 g6 3. Nc3 Bg7 4. e4 d6 5. Be2 O-O 6. Bg5 c5 7. d5 h6 8. Be3 e6 9. Qd2 exd5 10. cxd5 Re8 11. f3 h5 12. a4 a6 13. a5 Nh7 14. Bd1 Nd7 15. Nge2 Ne5 16. b3 Qh4+ 17. Bf2 Qf6 18. Qe3 h4 19. h3 g5 20. O-O Bd7 21. Kh1 Nf8 22. Bg1 Nfg6 23. Bh2 c4 24. Rb1 Rac8 25. Qa7 Nf4 26. bxc4 Nxc4 27. Rxb7 Nd2 28. Rg1 Nxh3 29. e5 dxe5 30. Rxd7 Nxg1 31. Qxg1 Qf5 32. Ba4 Qd3 33. Bg3 Nxf3 34. d6 Re6 35. Qf2 g4 36. Nf4 Rh6 1/2-1/2

[Event "France"]
[Site "?"]
[Date "1993.??.??"]
[Round "?"]
[White "Pinter, J."]
[Black "Kasparov, Garry"]
[Result "1/2-1/2"]
[WhiteElo "2580"]
[BlackElo "2805"]
[PlyCount "234"]
[EventDate "1993.??.??"]
[Source "ChessBase"]
[SourceDate "1993.06.01"]

1. d4 Nf6 2. c4 g6 3. Nc3 Bg7 4. e4 d6 5. Bd3 O-O 6. Nge2 c5 7. d5 e6 8. O-O exd5 9. cxd5 Re8 10. h3 Nbd7 11. Ng3 a6 12. a4 Rb8 13. a5 h5 14. Bg5 b5 15. axb6 Qxb6 16. Ra2 Ne5 17. Be2 Nh7 18. Be3 h4 19. Nh1 g5 20. Qd2 Qd8 21. Qc2 Nf8 22. Qc1 Bf6 23. f3 Nfg6 24. Nf2 Rb6 25. Rd1 Nf4 26. Bf1 Nh5 27. Qc2 Ng3 28. b3 Re7 29. Nb1 Ng6 30. Nd2 Nf4 31. Nc4 Rb5 32. Nd3 Ng6 33. Ra3 Rc7 34. Qd2 Rb8 35. e5 dxe5 36. d6 Rc6 37. Nxc5 Bf5 38. Qd5 Rxc5 39. Qxc5 e4 40. fxe4 Bxe4 41. Qc7 Nf4 42. Qxd8+ Bxd8 43. Bxf4 gxf4 44. Bd3 Bb7 45. Re1 Bf6 46. d7 Bc6 47. Re8+ Rxe8 48. dxe8=Q+ Bxe8 49. Rxa6 Bd4+ 50. Kh2 Bb5 51. Rd6 Bf2 52. Rd8+ Kg7 53. b4 f5 54. Rb8 Ba4 55. Nd2 Kf6 56. Ra8 Bd7 57. b5 Ke7 58. Ra6 Be6 59. Ra4 Bd5 60. Ra1 Be4 61. Bf1 Kd6 62. Nf3 Kc5 63. Rc1+ Kb6 64. Bc4 Kc5 65. Bf1+ Kb6 66. Ne5 Bd4 67. Nd7+ Ka5 68. Rd1 Nxf1+ 69. Rxf1 Kxb5 70. Nf8 Kc4 71. Ng6 Bf6 72. Rxf4 Bg5 73. Rf1 Kd3 74. g3 Ke2 75. Ra1 f4 76. Ra2+ Ke3 77. Ra3+ Kf2 78. gxf4 Bh6 79. Ra2+ Kf1 80. Ra1+ Kf2 81. Rg1 Bxg6 82. Rxg6 Bxf4+ 83. Kh1 Bg3 84. Rg4 Kf1 85. Rg5 Kf2 86. Rf5+ Ke3 87. Kg2 Ke4 88. Rf7 Kd5 89. Re7 Kd6 90. Re2 Kd5 91. Kf3 Kd6 92. Kg4 Kd7 93. Kf5 Kd6 94. Re8 Kd7 95. Re6 Kc7 96. Ke4 Kd7 97. Kd5 Kc7 98. Re7+ Kb6 99. Rf7 Bh2 100. Rf2 Bg3 101. Rc2 Kb7 102. Rc6 Bf4 103. Kc5 Bg3 104. Kd5 Bf4 105. Rc2 Bg3 106. Ke6 Kb6 107. Kd7 Kb5 108. Rc6 Bh2 109. Rc2 Bg3 110. Ke6 Kb6 111. Kf5 Kb5 112. Ke4 Kb6 113. Kf3 Kb5 114. Kg4 Be1 115. Kg5 Bg3 116. Rc8 Be1 117. Rh8 Kc6 1/2-1/2

[Event "Arctic Chess Challenge"]
[Site "Tromso NOR"]
[Date "2007.08.10"]
[Round "7"]
[White "Moiseenko, A1."]
[Black "Socko, B."]
[Result "1-0"]
[WhiteElo "2641"]
[BlackElo "2660"]
[PlyCount "105"]
[EventDate "2007.08.04"]
[Source "www.chesslib.no"]
[SourceDate "2004.05.04"]

1. d4 Nf6 2. c4 g6 3. Nc3 Bg7 4. e4 d6 5. f3 O-O 6. Bg5 c5 7. d5 e6 8. Qd2 exd5 9. cxd5 a6 10. a4 Re8 11. Nge2 Nbd7 12. Ng3 h5 13. Be2 Qb6 14. O-O Nh7 15. Be3 h4 16. Nh1 f5 17. Nf2 Ne5 18. a5 Qd8 19. Na4 fxe4 20. fxe4 h3 21. g3 Rb8 22. Nb6 Nd7 23. Nc4 Ne5 24. Nxe5 Rxe5 25. b4 Ng5 26. bxc5 Nxe4 27. Nxe4 Rxe4 28. Bd3 Rg4 29. Rac1 dxc5 30. Bxc5 Bd7 31. Qf2 Qg5 32. Qf3 Re8 33. Rb1 Bc8 34. Rb6 Bf5 35. Rxb7 Qd2 36. Bxf5 gxf5 37. Bf2 Rf8 38. Rd1 Qxa5 39. d6 Ra4 40. Qh5 Qe5 41. Qxh3 Rd8 42. Qh5 Ra1 43. Qf7+ Kh8 44. Rxa1 Qxa1+ 45. Kg2 Qe5 46. Re7 Qf6 47. Re8+ Rxe8 48. Qxe8+ Kh7 49. d7 Qc6+ 50. Kg1 Qc1+ 51. Qe1 Qc7 52. Qe7 Qc1+ 53. Be1 1-0

[Event "Leiden m2"]
[Site "Leiden"]
[Date "1995.??.??"]
[Round "1"]
[White "Lautier, Joel"]
[Black "Piket, Jeroen"]
[Result "0-1"]
[WhiteElo "2645"]
[BlackElo "2625"]
[PlyCount "88"]
[EventDate "1995.??.??"]
[Source "www.chesslib.no"]
[SourceDate "2004.05.04"]

1. d4 Nf6 2. c4 g6 3. Nc3 Bg7 4. e4 d6 5. f3 O-O 6. Bg5 c5 7. d5 e6 8. Qd2 exd5 9. cxd5 Bd7 10. Bd3 Na6 11. a3 Rc8 12. Nge2 c4 13. Bc2 Nc5 14. O-O Re8 15. Kh1 Qb6 16. Be3 Qa6 17. Bd4 h5 18. Rad1 b5 19. Qf4 Nh7 20. Bxg7 Kxg7 21. Qd2 Qb6 22. f4 Bg4 23. Rde1 Bxe2 24. Rxe2 a5 25. Qd4+ f6 26. e5 b4 27. axb4 axb4 28. Ne4 dxe5 29. fxe5 fxe5 30. Qe3 Nd7 31. Qxb6 Nxb6 32. Nd6 Rf8 33. Rfe1 Rcd8 34. Nb5 Nxd5 35. Rxe5 Rf2 36. Be4 Ndf6 37. Bf3 Rxb2 38. h3 c3 39. Rc5 Kh6 40. Re6 Rbd2 41. Rec6 Rf8 42. Rc4 Ng5 43. Rxb4 Nxf3 44. gxf3 c2 0-1

[Event "London (m/3)"]
[Site "?"]
[Date "1989.??.??"]
[Round "?"]
[White "Timman, J."]
[Black "Speelman, J."]
[Result "1/2-1/2"]
[WhiteElo "2635"]
[BlackElo "2615"]
[PlyCount "93"]
[EventDate "1989.??.??"]
[Source "ChessBase"]
[SourceDate "1989.07.01"]

1. d4 Nf6 2. c4 g6 3. Nc3 Bg7 4. e4 d6 5. f3 O-O 6. Be3 c5 7. d5 e6 8. Qd2 exd5 9. cxd5 a6 10. a4 Re8 11. Nge2 Nbd7 12. Ng3 h5 13. Be2 h4 14. Nf1 Ne5 15. Bg5 h3 16. g4 Qa5 17. Ng3 b5 18. O-O b4 19. Nd1 c4 20. Be3 Nfd7 21. f4 Nc5 22. fxe5 Nb3 23. Qe1 Nxa1 24. Qf2 Rf8 25. Bxc4 Qxa4 26. exd6 b3 27. Bd4 Bxd4 28. Qxd4 Nc2 29. Qc3 Bd7 30. Nh5 gxh5 31. Qe5 Qxc4 32. Qg5+ Kh8 33. Qxh5+ Kg7 34. Qg5+ Kh8 35. Qh6+ Kg8 36. Qg5+ Kh8 37. Rf6 Qxe4 38. Rh6+ Qh7 39. Qf6+ Kg8 40. Rxh7 Kxh7 41. Nf2 Rae8 42. Nxh3 Re1+ 43. Kf2 Bb5 44. Nf4 Rf1+ 45. Kg3 Ne1 46. Qf5+ Kg8 47. Qg5+ 1/2-1/2

[Event "Groningen PCA"]
[Site "Groningen"]
[Date "1993.??.??"]
[Round "2"]
[White "Chernin, Alexander"]
[Black "Yermolinsky, Alex"]
[Result "1-0"]
[WhiteElo "2615"]
[BlackElo "2605"]
[PlyCount "73"]
[EventDate "1993.12.??"]
[Source "ChessBase"]

1. d4 Nf6 2. c4 g6 3. Nc3 Bg7 4. e4 d6 5. f3 O-O 6. Bg5 c5 7. d5 e6 8. Qd2 exd5 9. cxd5 a6 10. Nge2 Nbd7 11. Ng3 b5 12. Be2 Re8 13. O-O Qe7 14. Bh6 Bh8 15. Nf5 Qd8 16. Nxd6 Re7 17. a4 b4 18. Nd1 Ne5 19. Nxc8 Qxc8 20. Rc1 Rc7 21. Ne3 c4 22. Qxb4 Rb8 23. Qd2 Ne8 24. d6 Rd7 25. Bxc4 Qd8 26. b3 Nxd6 27. Bd5 Qh4 28. Nd1 Bf6 29. Be3 Ng4 30. Bf4 Ne5 31. Nf2 g5 32. Bg3 Qh6 33. Nd3 Re8 34. Nxe5 Bxe5 35. Bc6 Nf5 36. Qxd7 Bd4+ 37. Bf2 1-0

[Event "World Ch XIV Final"]
[Site "Cork World Ch XIV Final"]
[Date "1994.??.??"]
[Round "?"]
[White "Anton, Volker-Michael"]
[Black "Ekebjaerg, Ove C"]
[Result "0-1"]
[WhiteElo "2630"]
[BlackElo "2590"]
[PlyCount "94"]
[EventDate "1994.??.??"]
[Source "www.chesslib.no"]
[SourceDate "2004.05.04"]

1. d4 g6 2. c4 Bg7 3. Nc3 c5 4. d5 d6 5. e4 Nf6 6. Bd3 O-O 7. Nge2 e6 8. O-O exd5 9. cxd5 Na6 10. h3 Re8 11. Ng3 Rb8 12. Bg5 Nc7 13. a4 a6 14. f4 b5 15. axb5 axb5 16. Kh1 b4 17. Nce2 h6 18. Bh4 Bd7 19. Qc2 Bb5 20. Bxb5 Nxb5 21. Qc4 Qb6 22. Bxf6 Bxf6 23. Ra2 Ra8 24. Rxa8 Rxa8 25. e5 dxe5 26. Ne4 Bg7 27. f5 gxf5 28. Rxf5 Nd6 29. Nxd6 Qxd6 30. Rf1 Rd8 31. Rd1 e4 32. Qxe4 Bxb2 33. Qf3 Be5 34. Qg4+ Qg6 35. Qc4 Bd6 36. Ng1 Re8 37. Nf3 Re3 38. Nh2 Qe4 39. Qxe4 Rxe4 40. Ng4 Rxg4 41. hxg4 c4 42. g3 c3 43. Rc1 Be5 44. d6 Bxd6 45. Kg2 Be5 46. Kf3 b3 47. Ke2 b2 0-1

[Event "Neum"]
[Site "?"]
[Date "2000.??.??"]
[Round "?"]
[White "Gurevich, M."]
[Black "Sherbakov, R."]
[Result "1-0"]
[WhiteElo "2665"]
[BlackElo "2555"]
[PlyCount "55"]
[EventDate "2000.??.??"]
[Source "Chess Informant"]
[SourceDate "2000.10.01"]

1. d4 Nf6 2. c4 c5 3. d5 e6 4. Nc3 exd5 5. cxd5 d6 6. e4 g6 7. Nge2 h5 8. Bg5 Bg7 9. Nc1 O-O 10. Be2 b6 11. O-O Ba6 12. Nb3 Qe8 13. Nd2 Ng4 14. h3 Ne5 15. Bxa6 Nxa6 16. Qe2 Nb4 17. f4 Ned3 18. Nc4 f6 19. Bh4 g5 20. Nxd6 Qb8 21. Nf5 gxh4 22. d6 c4 23. Ne7+ Kf7 24. Qxh5+ Ke6 25. Nb5 Qb7 26. Qf5+ Kf7 27. Nc7 Qxc7 28. Qg6+ 1-0

[Event "France"]
[Site "?"]
[Date "2004.??.??"]
[Round "?"]
[White "Gurevich, M."]
[Black "Hamdouchi, H."]
[Result "1/2-1/2"]
[WhiteElo "2670"]
[BlackElo "2540"]
[PlyCount "91"]
[EventDate "2004.??.??"]
[Source "Chess Informant"]
[SourceDate "2004.02.01"]

1. d4 e6 2. c4 c5 3. d5 exd5 4. cxd5 d6 5. Nc3 g6 6. e4 Bg7 7. Nge2 Nf6 8. Ng3 O-O 9. Be2 Na6 10. O-O Nc7 11. a4 b6 12. Bg5 h6 13. Be3 Re8 14. Rb1 Ba6 15. b4 Ng4 16. Bd2 Bxe2 17. Ncxe2 h5 18. f3 Ne5 19. bxc5 bxc5 20. Qc2 Qc8 21. Ba5 Re7 22. Bc3 h4 23. Nh1 Qa6 24. Nf2 Qc4 25. Rfc1 Rae8 26. Qd1 Qa6 27. Bd2 h3 28. Bg5 f6 29. Bf4 hxg2 30. Kxg2 f5 31. Ng3 fxe4 32. fxe4 Rf8 33. Bxe5 Bxe5 34. Qc2 Qc8 35. Rf1 Rh7 36. Qe2 Rh4 37. Rb3 Ne8 38. h3 Nf6 39. Rf3 Bxg3 40. Kxg3 Nh5+ 41. Kxh4 Qd8+ 42. Kg4 Qd7+ 43. Kg5 Qe7+ 44. Kg4 Qd7+ 45. Kg5 Qe7+ 46. Kg4 1/2-1/2

[Event "HUN-chT 9798"]
[Site "Hungary"]
[Date "1998.??.??"]
[Round "?"]
[White "Beliavsky, Alexander G"]
[Black "Groszpeter, Attila"]
[Result "1-0"]
[WhiteElo "2665"]
[BlackElo "2540"]
[PlyCount "83"]
[EventDate "1997.??.??"]
[Source "www.chesslib.no"]
[SourceDate "2004.05.04"]

1. d4 Nf6 2. c4 g6 3. Nc3 Bg7 4. e4 d6 5. f3 O-O 6. Bg5 c5 7. d5 a6 8. a4 h6 9. Be3 e6 10. Qd2 exd5 11. cxd5 Nbd7 12. Nh3 Re8 13. Nf2 h5 14. Be2 Nh7 15. O-O Ndf8 16. a5 f5 17. Na4 fxe4 18. Nxe4 Bf5 19. Bd3 Nd7 20. Bf2 Bxe4 21. Bxe4 Nhf8 22. Rab1 Rc8 23. b4 c4 24. Rbc1 Kh7 25. Bd4 Bh6 26. Be3 Bxe3+ 27. Qxe3 Qf6 28. Rc3 Kg7 29. Rfc1 Nh7 30. Nb2 Ne5 31. Nxc4 Nxc4 32. Rxc4 Rxc4 33. Rxc4 Ng5 34. h4 Nf7 35. Qc3 Ne5 36. Rc7+ Kg8 37. g3 g5 38. hxg5 Qxg5 39. f4 Qg4 40. fxe5 Qxe4 41. e6 Qg4 42. Qd3 1-0

[Event "Corr"]
[Site "?"]
[Date "1999.06.30"]
[Round "?"]
[White "Kluve Siegfried (GER)"]
[Black "Ekebjaerg Ove (DEN)"]
[Result "1/2-1/2"]
[WhiteElo "2550"]
[BlackElo "2635"]
[PlyCount "119"]
[EventDate "1999.??.??"]
[Source "www.chesslib.no"]
[SourceDate "2004.05.04"]

1. d4 g6 2. c4 Bg7 3. Nc3 c5 4. d5 d6 5. e4 Nf6 6. f3 O-O 7. Bg5 a6 8. a4 e6 9. Qd2 exd5 10. cxd5 Re8 11. Nge2 Nbd7 12. Nc1 h6 13. Be3 Nh5 14. Be2 f5 15. Nd3 Kh7 16. Nf2 fxe4 17. Ncxe4 Ndf6 18. Nc3 Qe7 19. Nfd1 Nd7 20. O-O b6 21. Rb1 Rb8 22. Re1 Qh4 23. Bf2 Qf4 24. Be3 Qh4 25. Bf2 Qf4 26. Qc2 Qf8 27. Qd2 Nf4 28. Bf1 Rxe1 29. Bxe1 Bb7 30. Bg3 Be5 31. Nf2 Re8 32. Nfe4 Nf6 33. Bc4 Nxe4 34. Nxe4 Qf5 35. Kh1 a5 36. Qd1 Rb8 37. Qb3 Bc8 38. Re1 Bd7 39. Bf1 Qf8 40. Bb5 Bf5 41. Nf2 Bd4 42. Ng4 g5 43. Ne3 Bg6 44. Nc4 Qf6 45. Bxf4 Qxf4 46. Qd1 Rf8 47. Qc1 Qxc1 48. Rxc1 g4 49. fxg4 Be4 50. Nxd6 Bxd5 51. Bd3+ Kh8 52. Nf5 Bxb2 53. Rb1 Re8 54. Kg1 Ba3 55. Rxb6 c4 56. Rxh6+ Kg8 57. Rg6+ Kh8 58. Rh6+ Kg8 59. Rg6+ Kh8 60. Rh6+ 1/2-1/2

[Event "Amsterdam"]
[Site "?"]
[Date "1996.??.??"]
[Round "?"]
[White "Piket, H."]
[Black "Van Wely, L."]
[Result "1/2-1/2"]
[WhiteElo "2580"]
[BlackElo "2605"]
[PlyCount "94"]
[EventDate "1996.??.??"]
[Source "ChessBase"]
[SourceDate "1996.06.01"]

1. d4 Nf6 2. c4 g6 3. Nc3 Bg7 4. e4 d6 5. f3 O-O 6. Bg5 c5 7. d5 e6 8. Qd2 exd5 9. cxd5 h6 10. Bxh6 Nxe4 11. Nxe4 Qh4+ 12. g3 Qxh6 13. Qxh6 Bxh6 14. Nxd6 Nd7 15. f4 Nf6 16. O-O-O Rd8 17. Nxc8 Raxc8 18. Bg2 Ng4 19. Bh3 Nf2 20. Bxc8 Nxd1 21. Kxd1 Rxc8 22. Ne2 Rd8 23. Nc3 Bg7 24. Kc2 Bxc3 25. bxc3 Rxd5 26. a4 g5 27. Rd1 Rxd1 28. Kxd1 g4 29. Ke2 a6 30. Kd3 b5 31. axb5 axb5 32. Ke4 Kf8 33. Kd5 b4 34. cxb4 cxb4 35. Kc4 Ke7 36. Kxb4 Kd6 37. Kc4 f6 38. Kd4 f5 39. Ke3 Ke7 40. Kf2 Kf6 41. Kf1 Kf7 42. Kg2 Kg6 43. h4 gxh3+ 44. Kxh3 Kh5 45. g4+ fxg4+ 46. Kg3 Kg6 47. Kxg4 Kf6 1/2-1/2

[Event "32nd TCh-GRE"]
[Site "Kallithea Chalkidiki"]
[Date "2003.07.08"]
[Round "5"]
[White "Agdestein, Simen"]
[Black "Kotronias, Vasilios"]
[Result "1/2-1/2"]
[WhiteElo "2571"]
[BlackElo "2602"]
[PlyCount "62"]
[EventDate "2003.07.04"]
[Source "Roberto Alvarez"]
[SourceDate "2003.07.14"]

1. d4 Nf6 2. c4 g6 3. Nc3 Bg7 4. e4 d6 5. f3 O-O 6. Bg5 c5 7. d5 e6 8. Nge2 h6 9. Be3 exd5 10. cxd5 a6 11. a4 Nh7 12. Nf4 Nd7 13. Be2 b6 14. O-O Rb8 15. Qd2 Ne5 16. Rab1 Nf6 17. Nh3 b5 18. axb5 axb5 19. Bxh6 Bxh3 20. gxh3 c4 21. Nd1 b4 22. Kg2 Qb6 23. Bxg7 Kxg7 24. Nf2 Rfe8 25. Rbc1 Rbc8 26. f4 c3 27. bxc3 Nc4 28. Bxc4 Rxc4 29. cxb4 Qxb4 30. Qxb4 Rxb4 31. Rc6 Nxe4 1/2-1/2

[Event "79th ch-GER"]
[Site "Bad Woerishofen GER"]
[Date "2008.02.20"]
[Round "6"]
[White "Kunin, V."]
[Black "Fridman, D2."]
[Result "1/2-1/2"]
[WhiteElo "2538"]
[BlackElo "2627"]
[PlyCount "66"]
[EventDate "2008.02.15"]
[Source "www.chesslib.no"]
[SourceDate "2004.05.04"]

1. d4 Nf6 2. c4 e6 3. Nc3 c5 4. d5 exd5 5. cxd5 g6 6. e4 d6 7. Bd3 Bg7 8. Nge2 O-O 9. O-O a6 10. a4 Nbd7 11. Ng3 h5 12. Bg5 Qc7 13. Qd2 Rb8 14. Rac1 Ne5 15. Be2 Nh7 16. Bh4 c4 17. f4 Qc5+ 18. Kh1 Bh6 19. b4 Qxb4 20. Qd4 Nd7 21. Be7 Re8 22. Rb1 Qa3 23. Ra1 Qb4 24. Rfb1 Bg7 25. Qxg7+ Kxg7 26. Rxb4 Rxe7 27. Rxc4 h4 28. Nf1 f5 29. exf5 Nb6 30. Re4 Rxe4 31. Nxe4 Bxf5 32. Nxd6 Nxd5 33. Nxf5+ gxf5 1/2-1/2

[Event "5th IECC"]
[Site "Antalya"]
[Date "2004.05.25"]
[Round "10"]
[White "Nyback, Tomi"]
[Black "Jobava, Baadur"]
[Result "1-0"]
[WhiteElo "2545"]
[BlackElo "2616"]
[PlyCount "83"]
[EventDate "2004.05.15"]
[Source "Roberto Alvarez"]
[SourceDate "2004.05.31"]

1. d4 Nf6 2. c4 e6 3. Nc3 c5 4. d5 exd5 5. cxd5 g6 6. e4 d6 7. Nge2 Bg7 8. Ng3 a6 9. a4 h5 10. Be2 h4 11. Nf1 h3 12. g3 O-O 13. Bf4 Ne8 14. Nd2 Nd7 15. O-O Ne5 16. Be3 Nf6 17. f3 Rb8 18. g4 Ned7 19. Qe1 Qe7 20. Bg5 Re8 21. Nc4 Ne5 22. Qh4 Nxc4 23. Bxc4 Bd7 24. f4 b5 25. e5 bxc4 26. Rae1 Qf8 27. exf6 Bh8 28. Ne4 Rxb2 29. f5 gxf5 30. Bh6 Rg2+ 31. Kh1 Rxg4 32. Qh5 Re5 33. Bxf8 fxe4 34. Qxh3 Rxd5 35. Bxd6 e3 36. Rg1 Rdg5 37. Rxg4 Bxg4 38. Qxe3 Bxf6 39. Rg1 Rg6 40. Qe8+ Kh7 41. Rxg4 Rxg4 42. Qxf7+ 1-0

[Event "Open Aeroflot"]
[Site "Mosca RUS"]
[Date "2007.02.18"]
[Round "5"]
[White "Savchenko, B."]
[Black "Petrosian, TL."]
[Result "1-0"]
[WhiteElo "2562"]
[BlackElo "2592"]
[PlyCount "115"]
[EventDate "2007.02.14"]
[Source "www.chesslib.no"]
[SourceDate "2004.05.04"]

1. c4 Nf6 2. d4 g6 3. f3 c5 4. d5 d6 5. e4 Bg7 6. Nc3 O-O 7. Bg5 e6 8. Qd2 exd5 9. cxd5 a6 10. a4 Re8 11. Ra3 Nbd7 12. Nh3 Ne5 13. Nf2 Bd7 14. Be2 b5 15. axb5 axb5 16. Nxb5 Qb6 17. Rxa8 Rxa8 18. Na3 Bc8 19. O-O Ba6 20. Rc1 Rb8 21. Rc2 Bxe2 22. Qxe2 Qb3 23. Bd2 Nh5 24. Bc3 Ra8 25. Qd1 f5 26. Rc1 Qxd1+ 27. Rxd1 Nxf3+ 28. gxf3 Bxc3 29. Nc4 Bd4 30. Nxd6 fxe4 31. Ndxe4 Nf4 32. d6 Kf7 33. Kf1 Ke6 34. b4 Nd5 35. Ng5+ Kf5 36. Ng4 Nxb4 37. h4 h5 38. Nf2 Ke5 39. d7 Nc6 40. Nd3+ Kd6 41. Nxc5 Kxc5 42. Ne6+ Kc4 43. Nxd4 Nxd4 44. Rc1+ Kd3 45. Rc8 Ra1+ 46. Kg2 Ra2+ 47. Kh3 Ne6 48. Re8 Ra7 49. Rxe6 Rxd7 50. Rxg6 Ke2 51. Kg3 Rd3 52. Re6+ Re3 53. Re4 Kd2 54. Kf4 Ra3 55. Re5 Rb3 56. Rxh5 Ke2 57. Re5+ Kf2 58. Rf5 1-0

[Event "Mid-America Class Open"]
[Site "Chicago, IL USA"]
[Date "1995.??.??"]
[Round "4"]
[White "Yermolinsky, Alex"]
[Black "Shabalov, Alexander"]
[Result "1/2-1/2"]
[WhiteElo "2580"]
[BlackElo "2570"]
[PlyCount "34"]
[EventDate "1995.??.??"]
[Source "www.chesslib.no"]
[SourceDate "2004.05.04"]

1. d4 Nf6 2. c4 c5 3. d5 e6 4. Nc3 exd5 5. cxd5 d6 6. e4 g6 7. f3 Bg7 8. Bg5 h6 9. Be3 O-O 10. Qd2 h5 11. Nge2 a6 12. a4 Nbd7 13. Nc1 Ne5 14. Be2 Nh7 15. O-O Re8 16. N1a2 Bd7 17. b3 f5 1/2-1/2

[Event "otb"]
[Site "otb"]
[Date "2007.02.26"]
[Round "1"]
[White "Istratescu Andrei"]
[Black "David Alberto"]
[Result "1-0"]
[WhiteElo "2619"]
[BlackElo "2528"]
[PlyCount "85"]
[Source "www.chesslib.no"]
[SourceDate "2004.05.04"]

1. d4 Nf6 2. c4 g6 3. Nc3 Bg7 4. e4 d6 5. f3 O-O 6. Be3 c5 7. d5 e6 8. Qd2 exd5 9. cxd5 Re8 10. Be2 h5 11. Bd1 Nbd7 12. Nge2 Ne5 13. b3 Bd7 14. a4 Nh7 15. O-O h4 16. h3 f5 17. Bc2 Qf6 18. Rad1 Rac8 19. Kh1 a6 20. a5 Qd8 21. Ra1 Qf6 22. Qe1 Nf7 23. Rc1 Ne5 24. f4 Nf7 25. Bf2 Qd8 26. Bxh4 Qxa5 27. Qg3 Nh8 28. Qf3 Rf8 29. Bb1 Rce8 30. Ng3 fxe4 31. Ncxe4 Qc7 32. Ng5 Nxg5 33. Bxg5 Bc8 34. h4 Bd4 35. Rce1 Qg7 36. Rxe8 Rxe8 37. f5 Nf7 38. Bd2 Ne5 39. Qf4 Rf8 40. f6 Qd7 41. Ne4 b5 42. Qh6 Bb7 43. h5 1-0

[Event "BL 0607 Hamburger SK - SG Köln Porz"]
[Site "Germania"]
[Date "2007.03.17"]
[Round "12.5"]
[White "Sakaev, Konstantin"]
[Black "Mueller, Karsten Dr"]
[Result "0-1"]
[WhiteElo "2641"]
[BlackElo "2500"]
[PlyCount "130"]
[EventDate "2006.10.28"]
[Source "www.chesslib.no"]
[SourceDate "2004.05.04"]

1. d4 Nf6 2. c4 c5 3. d5 e6 4. Nc3 exd5 5. cxd5 d6 6. e4 g6 7. h3 Bg7 8. Bd3 O-O 9. Bg5 Bd7 10. Nf3 b5 11. O-O c4 12. Bc2 Re8 13. a3 a5 14. Nd4 Qb6 15. Be3 Qb7 16. Bf4 Na6 17. Qf3 b4 18. axb4 axb4 19. Nce2 b3 20. Bb1 Nc5 21. Rxa8 Qxa8 22. Ng3 Nfxe4 23. Bxe4 Bxd4 24. Bxd6 Nxe4 25. Nxe4 Bf5 26. Nc3 Bd3 27. Nb5 Bxf1 28. Nxd4 Bd3 29. Bb4 Be4 30. Qf4 Qxd5 31. Bc3 Qe5 32. Qg4 Ra8 33. f3 Bd3 34. Kf2 h5 35. Qd7 Qc5 36. Kg3 Qg5+ 37. Kf2 Qh4+ 38. g3 Qd8 39. Qc6 Rc8 40. Qa6 Ra8 41. Qb7 Rb8 42. Qa7 h4 43. Kg2 Qb6 44. Qe7 hxg3 45. Kxg3 Rd8 46. Kg2 Qd6 47. Qe3 Qc5 48. h4 Ra8 49. Qe1 Qd6 50. Qe3 Qc5 51. Qe1 Qf8 52. Ne6 fxe6 53. Qe5 Ra6 54. Qh8+ Kf7 55. Qh7+ Ke8 56. Qb7 Rd6 57. Bb4 Qe7 58. Qb5+ Kf7 59. Qb8 Rd8 60. Qf4+ Qf6 61. Qc7+ Ke8 62. Qc6+ Rd7 63. Bc3 Qe7 64. Be5 Kf7 65. Qa8 Qxh4 0-1

[Event "Lugano op"]
[Site "Lugano"]
[Date "1999.03.16"]
[Round "7"]
[White "Rogers, Ian"]
[Black "Gallagher, Joseph G"]
[Result "0-1"]
[WhiteElo "2618"]
[BlackElo "2519"]
[PlyCount "70"]
[EventDate "1999.03.??"]
[Source "www.chesslib.no"]
[SourceDate "2004.05.04"]

1. d4 Nf6 2. c4 g6 3. Nc3 Bg7 4. e4 d6 5. f3 O-O 6. Bg5 h6 7. Be3 c5 8. d5 e6 9. Qd2 exd5 10. cxd5 a6 11. a4 h5 12. Nge2 Nbd7 13. Nf4 Ne5 14. Be2 Bd7 15. O-O Ne8 16. Rfb1 a5 17. Nb5 Bxb5 18. Bxb5 Nc7 19. Bf1 Qd7 20. Rd1 b6 21. h3 Kh7 22. b3 f5 23. exf5 Qxf5 24. Rac1 Rae8 25. Bb5 Re7 26. Ne6 Nxe6 27. dxe6 Qxe6 28. Bg5 Nxf3+ 29. gxf3 Bd4+ 30. Kh1 Rxf3 31. Bf1 Qe4 32. Kh2 Ref7 33. Qg2 Rf2 34. Kh1 Rxg2 35. Bxg2 Rf3 0-1

[Event "Koszeg"]
[Site "Koszeg"]
[Date "1998.??.??"]
[Round "3"]
[White "Augustin Josef"]
[Black "Vrana, Frantisek"]
[Result "0-1"]
[WhiteElo "2595"]
[BlackElo "2535"]
[PlyCount "68"]
[EventDate "1998.08.??"]
[Source "www.chesslib.no"]
[SourceDate "2004.05.04"]

1. d4 Nf6 2. c4 c5 3. d5 e6 4. Nc3 exd5 5. cxd5 d6 6. e4 g6 7. Bd3 Bg7 8. h3 O-O 9. Bg5 Re8 10. Nge2 Nbd7 11. O-O a6 12. a4 h6 13. Bh4 g5 14. Bg3 c4 15. Bc2 Nc5 16. f3 Nh5 17. Bf2 Nf4 18. Nxf4 gxf4 19. Qd2 Qg5 20. h4 Qe5 21. Kh1 Bd7 22. Rg1 b5 23. g3 Qh5 24. g4 Qe5 25. g5 h5 26. g6 f5 27. axb5 fxe4 28. Bxc5 dxc5 29. Bxe4 axb5 30. Rxa8 Rxa8 31. d6 Ra6 32. Rg5 Qd4 33. Qxf4 Ra1+ 34. Nb1 Rxb1+ 0-1

[Event "Corr"]
[Site "?"]
[Date "2000.09.01"]
[Round "?"]
[White "Pankratov Aleksandr Valerievi"]
[Black "Burger Heinrich (GER)"]
[Result "1/2-1/2"]
[WhiteElo "2561"]
[BlackElo "2567"]
[PlyCount "45"]
[EventDate "2000.??.??"]
[Source "www.chesslib.no"]
[SourceDate "2004.05.04"]

1. d4 Nf6 2. c4 c5 3. d5 d6 4. Nc3 g6 5. e4 Bg7 6. Bd3 O-O 7. Nge2 e6 8. O-O exd5 9. cxd5 Ng4 10. Bc2 Na6 11. a3 Bd7 12. h3 Ne5 13. f4 Nc4 14. Rb1 b5 15. Bd3 Nc7 16. a4 Nb6 17. axb5 Qh4 18. Be3 Qe7 19. Bf2 f5 20. exf5 Bxf5 21. b4 Ncxd5 22. Nxd5 Nxd5 23. Bc4 1/2-1/2